| 000 | 01075nam a22001697a 4500 | ||
|---|---|---|---|
| 999 |
_c27010 _d27010 |
||
| 003 | BDDh-ASL | ||
| 005 | 20231015030719.0 | ||
| 008 | 211022s1918 ii ||||| |||| 00| 0 u d | ||
| 040 |
_aBDDh-ASL _cBDDh-ASL |
||
| 082 |
_a297.4 _bALM |
||
| 100 | 1 |
_95301 _aAlam, A.Q Nurlul |
|
| 245 | 1 | 0 | _aMiftahus Suluk : / مفتاح السلوک |
| 260 |
_aKolkata : _bRezwani Press , _c1918. |
||
| 300 |
_a32 p. : _c21 cm. |
||
| 650 | 0 |
_aSufism, ˈso͞ofˌizəm, সুফিবাদ, Suphibāda, রহস্যবাদ, obscurantism, সুফি-পীর-দরবেশ, Suphi-pīra-darabēśa, Sufi-pir-dervish, পীর-দরবেশ, Pīra-darabēśa, Peer-Darbesh, ওলী-আউলিয়ার, Ōlī-ā'uliẏāra, Oli-Auliar, yogi, ˈyōɡē, যোগী, Yōgī, সন্ন্যাসী, Sann'yāsī, monastic, ভিক্ষু, ধর্মার্থ মঠবাসী ব্যক্তি, recluse, monk, নির্জনবাসী ব্যক্তি, saint, sānt, সাধু, Sādhu, সন্ত, patron saint _92764 |
|
| 942 |
_2ddc _cBK |
||